[Event "Titled Tuesday intern op 17th Sep Late"]
[Site "Chess,com INT"]
[Date "2024.09.17"]
[Round "6"]
[White "Mayaud, Raphael"]
[Black "Gaafar, Hassan"]
[Result "0-1"]
[WhiteElo "2175"]
[BlackElo "2227"]
[PlyCount "86"]
[EventDate "2024.09.17"]
[EventType "swiss (blitz)"]
[EventRounds "11"]
[EventCountry "USA"]
[SourceTitle "EXT 2025"]
[Source "ChessBase"]
[SourceDate "2024.10.14"]
[SourceVersion "1"]
[SourceVersionDate "2024.10.14"]
[SourceQuality "1"]

1. d4 e6 2. Nf3 Nf6 3. e3 c5 4. Bd3 b6 5. 0-0 Nc6 6. b3 d5 7. Bb2 Be7 8. Nbd2 0-0 9. c4 Bb7 10. Qe2 Ne4 11. Nxe4 dxe4 12. Bxe4 Bf6 13. Rfd1 Qc7 14. d5 exd5 15. Bxd5 Bxb2 16. Qxb2 Ne7 17. Bxb7 Qxb7 18. Rd2 Rad8 19. Rad1 Qc7 20. Qe5 Qxe5 21. Nxe5 Rxd2 22. Rxd2 f6 23. Nd7 Re8 24. a4 Kf7 25. a5 Nc8 26. Nb8 bxa5 27. Nc6 Nb6 28. Nxa5 Ke6 29. Kf1 Rc8 30. Ke2 Rc7 31. f4 g5 32. g3 g4 33. e4 h5 34. Ke3 Nd7 35. Rd5 Kf7 36. Rxh5 Nf8 37. Rd5 Ne6 38. Kd3 Nd4 39. Kc3 Nf3 40. Rh5 Kg6 41. Rh8 Re7 42. Rg8+ Kf7 43. Rxg4 Rxe4 0-1

[Event "Titled Tuesday intern op 27th Aug Late"]
[Site "Chess.com INT"]
[Date "2024.08.27"]
[Round "11"]
[White "Elier, Ali"]
[Black "Gaafar, Hassan"]
[Result "1-0"]
[WhiteElo "2160"]
[BlackElo "2227"]
[PlyCount "123"]
[EventDate "2024.08.27"]
[EventType "swiss (blitz)"]
[EventRounds "11"]
[EventCountry "USA"]
[SourceTitle "EXT 2025"]
[Source "ChessBase"]
[SourceDate "2024.10.14"]
[SourceVersion "1"]
[SourceVersionDate "2024.10.14"]
[SourceQuality "1"]

1. e4 d5 2. exd5 Nf6 3. c4 Bg4 4. f3 Bf5 5. d4 e6 6. dxe6 Nc6 7. d5 Nb4 8. exf7+ Kxf7 9. Na3 Bc5 10. Bf4 Re8+ 11. Kd2 Nfxd5 12. cxd5 Nxd5 13. Bc4 Kf8 14. Bxd5 Qxd5+ 15. Kc3 Bb4+ 16. Kxb4 Qc6 17. Nc4 a5+ 18. Kc3 b5 19. Qd4 bxc4 20. Qxc4 Qf6+ 21. Qd4 Qc6+ 22. Qc4 Qe6 23. Qxe6 Bxe6 24. Ne2 c5 25. Ng3 a4 26. Rhe1 a3 27. b3 c4 28. bxc4 Rac8 29. Bd6+ Kf7 30. c5 h5 31. Ne4 Bf5 32. Ng5+ Kg6 33. Ne4 Bxe4 34. Rxe4 Rxe4 35. fxe4 Kf6 36. Rb1 Ke6 37. Rb3 g5 38. Rxa3 g4 39. Ra7 Rg8 40. Re7+ Kf6 41. e5+ Kf5 42. Rf7+ Ke4 43. Kc4 Ra8 44. Kb5 Rxa2 45. e6 Rb2+ 46. Kc6 Re2 47. e7 Kd3 48. Rf8 Rxg2 49. e8Q Re2 50. Qa8 g3 51. Bxg3 Rc2 52. Qd8+ Kc3 53. Rf3+ Kb2 54. Qh8+ Kb1 55. Qb8+ Kc1 56. Rf1+ Kd2 57. Qd6+ Kc3 58. Be5+ Kb3 59. Rb1+ Ka2 60. Qd1 Rxc5+ 61. Kxc5 h4 62. Qb3# 1-0

[Event "Titled Tuesday intern op 27th Aug Late"]
[Site "Chess.com INT"]
[Date "2024.08.27"]
[Round "2"]
[White "Gaafar, Hassan"]
[Black "Bold, Andre"]
[Result "0-1"]
[WhiteElo "2227"]
[BlackElo "2215"]
[PlyCount "82"]
[EventDate "2024.08.27"]
[EventType "swiss (blitz)"]
[EventRounds "11"]
[EventCountry "USA"]
[SourceTitle "EXT 2025"]
[Source "ChessBase"]
[SourceDate "2024.10.14"]
[SourceVersion "1"]
[SourceVersionDate "2024.10.14"]
[SourceQuality "1"]

1. d4 f5 2. Nc3 d5 3. Bf4 c6 4. e3 Nf6 5. Be2 e6 6. g4 Bd6 7. g5 Ne4 8. h4 Bb4 9. Qd3 Qa5 10. Rd1 b6 11. f3 Ba6 12. fxe4 Bxd3 13. Bxd3 fxe4 14. Be2 Bxc3+ 15. bxc3 Qxc3+ 16. Kf2 0-0 17. Nh3 e5 18. dxe5 Qxe5 19. Kg3 Qe7 20. c4 Rd8 21. g6 h6 22. Rhf1 Nd7 23. cxd5 cxd5 24. Rxd5 Nf6 25. Re5 Qa3 26. Bc4+ Kh8 27. Ng5 hxg5 28. hxg5 Nh5+ 29. Kg4 Rac8 30. Bf7 Qb2 31. Rh1 Qg2+ 32. Kxh5 Qxh1+ 33. Kg4 Qf3+ 34. Kf5 Rc5 35. Rxc5 bxc5 36. Bc4 Rf8+ 37. Ke5 Rxf4 38. exf4 e3 39. Ke6 e2 40. Kf7 e1Q 41. f5 Qxf5# 0-1

[Event "Titled Tuesday intern op 27th Aug Late"]
[Site "Chess.com INT"]
[Date "2024.08.27"]
[Round "10"]
[White "Gaafar, Hassan"]
[Black "Exposito Milan, Adrian"]
[Result "0-1"]
[WhiteElo "2227"]
[BlackElo "2246"]
[PlyCount "98"]
[EventDate "2024.08.27"]
[EventType "swiss (blitz)"]
[EventRounds "11"]
[EventCountry "USA"]
[SourceTitle "EXT 2025"]
[Source "ChessBase"]
[SourceDate "2024.10.14"]
[SourceVersion "1"]
[SourceVersionDate "2024.10.14"]
[SourceQuality "1"]

1. d4 d5 2. Nc3 Nf6 3. Bf4 Bf5 4. e3 c6 5. f3 h6 6. g4 Bh7 7. h4 e6 8. Bd3 Bxd3 9. Qxd3 Bd6 10. Nge2 Bxf4 11. Nxf4 Nbd7 12. 0-0-0 e5 13. dxe5 Nxe5 14. Qf5 Qe7 15. g5 Nfd7 16. g6 0-0 17. Rhg1 fxg6 18. Nxg6 Nxg6 19. Qxg6 Qxe3+ 20. Kb1 Rf7 21. Rde1 Qxf3 22. Qxh6 Qf4 23. Qe6 Qf6 24. Qg4 Raf8 25. a3 Ne5 26. Qg3 Nf3 27. Rgf1 Nd2+ 28. Ka2 Nxf1 29. Qg2 Qf3 30. Qg6 Qf5 31. Qg2 Qf2 32. Qxf2 Rxf2 33. Re7 R2f7 34. Re6 Nd2 35. Na4 Ne4 36. b4 Rf6 37. Re7 R8f7 38. Re8+ Kh7 39. Nc5 Nxc5 40. bxc5 Rf4 41. Kb3 Rc4 42. Ra8 a6 43. c3 Rxc5 44. Re8 Rf3 45. Kb4 Rcxc3 46. h5 b6 47. h6 Rb3+ 48. Ka4 Rxa3+ 49. Kb4 c5# 0-1

[Event "Titled Tuesday intern op 27th Aug Early"]
[Site "Chess.com INT"]
[Date "2024.08.27"]
[Round "9"]
[White "Lotero, Faiber"]
[Black "Gaafar, Hassan"]
[Result "1-0"]
[WhiteElo "2127"]
[BlackElo "2227"]
[PlyCount "115"]
[EventDate "2024.08.27"]
[EventType "swiss (blitz)"]
[EventRounds "11"]
[EventCountry "USA"]
[SourceTitle "EXT 2025"]
[Source "ChessBase"]
[SourceDate "2024.10.14"]
[SourceVersion "1"]
[SourceVersionDate "2024.10.14"]
[SourceQuality "1"]

1. e4 b6 2. d4 Bb7 3. Bd3 e6 4. Ne2 Nf6 5. f3 d5 6. e5 Nfd7 7. 0-0 c5 8. c3 Nc6 9. Be3 Be7 10. f4 g6 11. Nd2 Qc7 12. a4 c4 13. Bc2 a6 14. Nf3 0-0-0 15. Bf2 f6 16. Bh4 fxe5 17. Bxe7 Nxe7 18. Nxe5 Nxe5 19. fxe5 Rdf8 20. Nf4 Qd7 21. Qg4 Nf5 22. Bxf5 gxf5 23. Qh5 Rhg8 24. a5 b5 25. Qh6 Re8 26. Rf3 Qg7 27. Qxg7 Rxg7 28. Rh3 Kd7 29. Rh6 Bc8 30. Rf1 Ke7 31. Rf3 Reg8 32. Rfh3 Rh8 33. Rf6 Rhg8 34. g3 Bd7 35. Rhh6 Rf7 36. Rxf7+ Kxf7 37. Rxh7+ Rg7 38. Rh8 Rg8 39. Rh6 Rg7 40. Kg2 Ke7 41. h4 Kf7 42. h5 Ke7 43. Kh3 Kf7 44. Rh8 Rg8 45. Rxg8 Kxg8 46. Kh4 Kg7 47. Kg5 Kh7 48. Kf6 Kh6 49. Nxe6 Bxe6 50. Kxe6 Kxh5 51. Kxf5 Kh6 52. g4 Kg7 53. g5 Kf7 54. g6+ Kg7 55. e6 b4 56. e7 b3 57. e8Q Kh6 58. Qh8# 1-0

[Event "Titled Tuesday intern op 27th Aug Early"]
[Site "Chess.com INT"]
[Date "2024.08.27"]
[Round "6"]
[White "Paquico Rodriguez, Ivan"]
[Black "Gaafar, Hassan"]
[Result "0-1"]
[WhiteElo "2183"]
[BlackElo "2227"]
[PlyCount "106"]
[EventDate "2024.08.27"]
[EventType "swiss (blitz)"]
[EventRounds "11"]
[EventCountry "USA"]
[SourceTitle "EXT 2025"]
[Source "ChessBase"]
[SourceDate "2024.10.14"]
[SourceVersion "1"]
[SourceVersionDate "2024.10.14"]
[SourceQuality "1"]

1. d4 b6 2. c4 Bb7 3. Nc3 e6 4. e3 Bb4 5. Qc2 f5 6. Nge2 Nf6 7. a3 Bxc3+ 8. Nxc3 0-0 9. Bd2 Ne4 10. f3 Qh4+ 11. g3 Nxg3 12. hxg3 Qxg3+ 13. Kd1 Qxf3+ 14. Kc1 Qxh1 15. Qd3 Bg2 16. Kc2 Be4 17. Nxe4 fxe4 18. Qe2 Nc6 19. Re1 Qf3 20. Qh2 Qf2 21. Qxc7 Nxd4+ 22. exd4 e3 23. Rxe3 Qxf1 24. c5 Rac8 25. Qxd7 bxc5 26. Qxe6+ Qf7 27. d5 Rce8 28. Qxf7+ Kxf7 29. Rg3 g6 30. Bh6 Re2+ 31. Kd3 Rfe8 32. Rf3+ Kg8 33. d6 R2e6 34. Kc4 Rxd6 35. Kxc5 Rb6 36. b4 Rc8+ 37. Kd5 Rb5+ 38. Kd4 Rh5 39. Be3 Rh4+ 40. Kd3 Rd8+ 41. Kc3 Rc8+ 42. Bc5 a5 43. Rd3 axb4+ 44. axb4 Rh5 45. Kc4 Rh4+ 46. Kb5 Rh5 47. Kb6 Rf5 48. Rd7 Rf7 49. Rd5 h5 50. b5 Rf6+ 51. Kb7 Re8 52. Bb4 Rf5 53. Rd1 Rxb5+ 0-1

[Event "Titled Tuesday intern op 20th Aug Early"]
[Site "Chess.com INT"]
[Date "2024.08.20"]
[Round "9"]
[White "Gaafar, Hassan"]
[Black "Avila Bautista, Roberto Al"]
[Result "1-0"]
[WhiteElo "2227"]
[BlackElo "2170"]
[PlyCount "53"]
[EventDate "2024.08.20"]
[EventType "swiss (blitz)"]
[EventRounds "11"]
[EventCountry "USA"]
[SourceTitle "EXT 2025"]
[Source "ChessBase"]
[SourceDate "2024.10.14"]
[SourceVersion "1"]
[SourceVersionDate "2024.10.14"]
[SourceQuality "1"]

1. d4 Nf6 2. Nc3 d6 3. e4 Nbd7 4. f4 c5 5. Nf3 cxd4 6. Qxd4 e6 7. Bb5 Be7 8. e5 dxe5 9. fxe5 Ng8 10. Bf4 a6 11. Bxd7+ Qxd7 12. Qf2 Bb4 13. Rd1 Qc7 14. 0-0 Ne7 15. Ne4 0-0 16. c3 Ba5 17. Nf6+ Kh8 18. Qh4 gxf6 19. Qxf6+ Kg8 20. Bh6 Nf5 21. Ng5 Qc5+ 22. Kh1 Bd8 23. Rxf5 Bxf6 24. Rxf6 Qxe5 25. Rdf1 Kh8 26. Bxf8 Bd7 27. Nxf7+ 1-0

[Event "Titled Tuesday intern op 20th Aug Late"]
[Site "Chess.com INT"]
[Date "2024.08.20"]
[Round "1"]
[White "Gaafar, Hassan"]
[Black "Jarocka, Liwia"]
[Result "1/2-1/2"]
[WhiteElo "2227"]
[BlackElo "2217"]
[PlyCount "79"]
[EventDate "2024.08.20"]
[EventType "swiss (blitz)"]
[EventRounds "11"]
[EventCountry "USA"]
[SourceTitle "EXT 2025"]
[Source "ChessBase"]
[SourceDate "2024.10.14"]
[SourceVersion "1"]
[SourceVersionDate "2024.10.14"]
[SourceQuality "1"]

1. d4 Nf6 2. Nc3 d5 3. Bf4 e6 4. e3 Bd6 5. Bd3 0-0 6. Nf3 c5 7. dxc5 Bxc5 8. Bg5 Nbd7 9. e4 h6 10. Bxf6 Nxf6 11. e5 Nd7 12. Qe2 Bb4 13. 0-0 Nc5 14. Nd1 Nxd3 15. cxd3 b6 16. Ne3 Ba6 17. a3 Be7 18. Qd2 Qd7 19. Rfe1 Rfc8 20. Ng4 Rc7 21. h4 Rac8 22. Nxh6+ gxh6 23. Qxh6 Bf8 24. Qh5 Bxd3 25. Re3 Bg6 26. Qg4 Rc4 27. Qg3 Bh6 28. h5 Bxe3 29. hxg6 Rc1+ 30. Rxc1 Rxc1+ 31. Kh2 Bh6 32. gxf7+ Kxf7 33. Ng5+ Ke8 34. Qh4 Bxg5 35. Qh8+ Ke7 36. Qg7+ Ke8 37. Qg8+ Ke7 38. Qg7+ Ke8 39. Qg8+ Ke7 40. Qg7+ 1/2-1/2

[Event "Titled Tuesday intern op 20th Aug Early"]
[Site "Chess.com INT"]
[Date "2024.08.20"]
[Round "6"]
[White "Gaafar, Hassan"]
[Black "Mingo Fernandez, Matias"]
[Result "1-0"]
[WhiteElo "2227"]
[BlackElo "2177"]
[PlyCount "75"]
[EventDate "2024.08.20"]
[EventType "swiss (blitz)"]
[EventRounds "11"]
[EventCountry "USA"]
[SourceTitle "EXT 2025"]
[Source "ChessBase"]
[SourceDate "2024.10.14"]
[SourceVersion "1"]
[SourceVersionDate "2024.10.14"]
[SourceQuality "1"]

1. d4 d5 2. Nc3 Nf6 3. Bf4 Bf5 4. e3 e6 5. f3 h6 6. g4 Bh7 7. h4 c5 8. Nb5 Na6 9. c3 Qb6 10. a4 c4 11. b3 Rc8 12. bxc4 dxc4 13. Nh3 Nd5 14. Qd2 Nxf4 15. Nxf4 Nc7 16. Bxc4 a6 17. Nxc7+ Rxc7 18. Bd3 Bxd3 19. Qxd3 Qb2 20. 0-0 Bd6 21. Rfb1 Qxc3 22. Qxc3 Rxc3 23. Rxb7 Rxe3 24. Rc1 0-0 25. Nh5 Rxf3 26. Kg2 Ra3 27. Rc6 Rd8 28. Rxa6 g6 29. Nf6+ Kg7 30. Ne4 Bf4 31. Raa7 Rf8 32. Nc5 Re3 33. Re7 Kf6 34. Kf2 g5 35. hxg5+ hxg5 36. d5 Ra3 37. dxe6 fxe6 38. Rxe6# 1-0

[Event "Titled Tuesday intern op 20th Aug Late"]
[Site "Chess.com INT"]
[Date "2024.08.20"]
[Round "8"]
[White "Montano Vicente, Guadalupe"]
[Black "Gaafar, Hassan"]
[Result "1-0"]
[WhiteElo "1950"]
[BlackElo "2227"]
[PlyCount "125"]
[EventDate "2024.08.20"]
[EventType "swiss (blitz)"]
[EventRounds "11"]
[EventCountry "USA"]
[SourceTitle "EXT 2025"]
[Source "ChessBase"]
[SourceDate "2024.10.14"]
[SourceVersion "1"]
[SourceVersionDate "2024.10.14"]
[SourceQuality "1"]

1. d4 Nf6 2. c4 e6 3. Nf3 d5 4. Nc3 a6 5. cxd5 exd5 6. Bg5 Be7 7. e3 h6 8. Bh4 0-0 9. Bd3 Nbd7 10. 0-0 c5 11. dxc5 Nxc5 12. Bc2 Be6 13. h3 Nce4 14. Nxe4 dxe4 15. Bxf6 exf3 16. Bxe7 Qxd1 17. Rfxd1 Rfc8 18. Be4 Rc7 19. Bd6 Rd7 20. Bxf3 Rad8 21. Bg3 b5 22. Rxd7 Rxd7 23. Rd1 Rxd1+ 24. Bxd1 Bxa2 25. b4 Kf8 26. Kf1 Ke7 27. Ke1 Ke6 28. Kd2 Kd5 29. Kc3 Bb1 30. Bb3+ Kc6 31. Bxf7 Bf5 32. f3 Kb6 33. Bb3 a5 34. bxa5+ Kxa5 35. Bd6 Kb6 36. Bf8 g6 37. Bxh6 Kc5 38. Bf8+ Kc6 39. g4 Bd7 40. h4 Be8 41. Bb4 Kd7 42. Kd4 Kc6 43. Bd5+ Kd7 44. f4 Kc7 45. e4 Bd7 46. f5 gxf5 47. exf5 Be8 48. Ke5 Kd7 49. g5 Kd8 50. g6 Kd7 51. h5 Bxg6 52. hxg6 Kc7 53. g7 Kb6 54. g8Q Ka6 55. Qe6+ Ka7 56. Bc5+ Kb8 57. Qe8+ Kc7 58. Bd6+ Kb6 59. Qd8+ Ka6 60. Qc8+ Ka5 61. Qa8+ Kb6 62. Qb7+ Ka5 63. Qa7# 1-0

[Event "Titled Tuesday intern op 20th Aug Late"]
[Site "Chess.com INT"]
[Date "2024.08.20"]
[Round "6"]
[White "Norowitz, Yaacov"]
[Black "Gaafar, Hassan"]
[Result "1-0"]
[WhiteElo "2402"]
[BlackElo "2227"]
[PlyCount "59"]
[EventDate "2024.08.20"]
[EventType "swiss (blitz)"]
[EventRounds "11"]
[EventCountry "USA"]
[SourceTitle "EXT 2025"]
[Source "ChessBase"]
[SourceDate "2024.10.14"]
[SourceVersion "1"]
[SourceVersionDate "2024.10.14"]
[SourceQuality "1"]

1. d4 Nf6 2. e3 e6 3. Bd3 d5 4. Nd2 c5 5. c3 Nc6 6. f4 Be7 7. Ngf3 0-0 8. Ne5 Bd7 9. 0-0 a6 10. Qf3 b5 11. g4 cxd4 12. exd4 Nxe5 13. fxe5 Ne8 14. Qh3 g6 15. Nf3 f6 16. Bh6 Rf7 17. exf6 Bxf6 18. Ng5 Bxg5 19. Rxf7 Kxf7 20. Bxg5 Qxg5 21. Qxh7+ Kf8 22. Rf1+ Nf6 23. Qxd7 Qxg4+ 24. Kh1 Qf5 25. Qd6+ Kg7 26. Bxf5 exf5 27. Qe7+ Kh6 28. Qxf6 Kh5 29. Rg1 g5 30. Qxg5# 1-0

[Event "Titled Tuesday intern op 20th Aug Early"]
[Site "Chess.com INT"]
[Date "2024.08.20"]
[Round "2"]
[White "Rodriguez Lopez, David"]
[Black "Gaafar, Hassan"]
[Result "1-0"]
[WhiteElo "2191"]
[BlackElo "2227"]
[PlyCount "99"]
[EventDate "2024.08.20"]
[EventType "swiss (blitz)"]
[EventRounds "11"]
[EventCountry "USA"]
[SourceTitle "EXT 2025"]
[Source "ChessBase"]
[SourceDate "2024.10.14"]
[SourceVersion "1"]
[SourceVersionDate "2024.10.14"]
[SourceQuality "1"]

1. e4 d6 2. d4 Nf6 3. f3 e5 4. dxe5 dxe5 5. Qxd8+ Kxd8 6. Bc4 Ke8 7. Ne2 c6 8. a4 Nbd7 9. Be3 Nb6 10. Bb3 Be6 11. Bxe6 fxe6 12. Nd2 Rd8 13. a5 Nc8 14. Nc4 Bd6 15. 0-0-0 Bc7 16. Rxd8+ Kxd8 17. Rd1+ Ke8 18. b4 Kf7 19. g4 h6 20. h4 Rd8 21. Nxe5+ Ke8 22. Rxd8+ Kxd8 23. Nc4 b6 24. a6 b5 25. Nd2 Bb6 26. Nd4 Kd7 27. c4 e5 28. Nf5 Bxe3 29. Nxe3 Ne7 30. Nb3 Ne8 31. Nc5+ Kc7 32. h5 Kb6 33. Kb2 Nd6 34. cxb5 Kxb5 35. Kb3 Nec8 36. Nd1 Nc4 37. Nc3+ Kb6 38. Kxc4 Nd6+ 39. Kb3 Nf7 40. Ne2 Ng5 41. Ng1 Kb5 42. Nd7 Kxa6 43. Nxe5 Kb5 44. Nd3 a5 45. bxa5 c5 46. Kc3 Ne6 47. f4 Kxa5 48. f5 Nd4 49. e5 Kb6 50. e6 1-0

[Event "Titled Tuesday intern op 06th Aug Late"]
[Site "Chess.com INT"]
[Date "2024.08.06"]
[Round "6"]
[White "Chekletsov, Ilya"]
[Black "Gaafar, Hassan"]
[Result "1-0"]
[WhiteElo "2338"]
[BlackElo "2227"]
[PlyCount "67"]
[EventDate "2024.08.06"]
[EventType "swiss (blitz)"]
[EventRounds "11"]
[EventCountry "USA"]
[SourceTitle "EXT 2025"]
[Source "ChessBase"]
[SourceDate "2024.10.14"]
[SourceVersion "1"]
[SourceVersionDate "2024.10.14"]
[SourceQuality "1"]

1. d4 Nf6 2. c4 c5 3. d5 b5 4. cxb5 a6 5. b6 Qxb6 6. Nc3 d6 7. a4 g6 8. a5 Qb7 9. e4 Bg7 10. Bc4 0-0 11. f4 Ne8 12. Qd3 Bd7 13. Nf3 Nc7 14. 0-0 Bb5 15. b3 Bxc4 16. bxc4 Nd7 17. Rb1 Qa7 18. Bd2 Rfb8 19. Rbe1 Rb3 20. e5 Rab8 21. e6 fxe6 22. dxe6 Nf8 23. f5 gxf5 24. Qxf5 Rxc3 25. Qf7+ Kh8 26. Bxc3 Bxc3 27. Ng5 Bg7 28. Qxe7 Ng6 29. Qd7 Qb7 30. e7 Ne8 31. Nf7+ Kg8 32. Qe6 Qc8 33. Nh6+ Kh8 34. Qg8# 1-0

[Event "Titled Tuesday intern op 06th Aug Late"]
[Site "Chess.com INT"]
[Date "2024.08.06"]
[Round "7"]
[White "Gaafar, Hassan"]
[Black "Suarez, Sebastian"]
[Result "1/2-1/2"]
[WhiteElo "2227"]
[BlackElo "2189"]
[PlyCount "139"]
[EventDate "2024.08.06"]
[EventType "swiss (blitz)"]
[EventRounds "11"]
[EventCountry "USA"]
[SourceTitle "EXT 2025"]
[Source "ChessBase"]
[SourceDate "2024.10.14"]
[SourceVersion "1"]
[SourceVersionDate "2024.10.14"]
[SourceQuality "1"]

1. d4 d5 2. Bf4 Nf6 3. e3 e6 4. Nd2 c5 5. c3 Bd6 6. Ngf3 Qc7 7. Bb5+ Bd7 8. Bxd7+ Nbxd7 9. Bxd6 Qxd6 10. dxc5 Nxc5 11. 0-0 0-0 12. Nc4 Qc7 13. Nce5 Rfd8 14. Qd4 Nce4 15. Rad1 Rac8 16. Nd2 b5 17. f3 Nxd2 18. Rxd2 Nd7 19. Nxd7 Rxd7 20. e4 Rcd8 21. e5 Qc4 22. b3 Qxd4+ 23. cxd4 Rc8 24. f4 g6 25. g4 Rdc7 26. f5 Rc1 27. Rxc1 Rxc1+ 28. Kg2 Kf8 29. f6 Rc3 30. Kf2 Ke8 31. Ke2 Kd7 32. Rd3 Rc2+ 33. Rd2 Rc3 34. Rd3 Rc2+ 35. Rd2 Rc6 36. Kd3 b4 37. Rc2 Rxc2 38. Kxc2 Ke8 39. Kd3 Kf8 40. h4 h6 41. Ke3 Ke8 42. g5 hxg5 43. hxg5 Kd7 44. Kd3 Kc6 45. Kc2 Kb5 46. Kb2 a5 47. Kc2 Kb6 48. Kb2 Ka6 49. Kc2 Kb5 50. Kb2 a4 51. Kc2 Ka5 52. Kb2 axb3 53. axb3 Kb5 54. Kc2 Kc6 55. Kd3 Kd7 56. Ke3 Ke8 57. Kf3 Kf8 58. Kf4 Kg8 59. Kg4 Kh7 60. Kh4 Kh8 61. Kh3 Kg8 62. Kg3 Kf8 63. Kf2 Ke8 64. Ke3 Kd7 65. Kd2 Kc6 66. Kd3 Kb6 67. Kc2 Ka5 68. Kd3 Kb5 69. Kc2 Kc6 70. Kd3 1/2-1/2